Sports Quiz

Random Sports or World Quiz
Score 0/100 Timer 12:00
0 Plays Today
Rank Club % Correct
3Liverpool
97.5%
1Manchester City
97.1%
4Barcelona
97.1%
2Bayern Munich
96.6%
7Real Madrid
96.6%
8Chelsea
95%
5PSG
94.8%
6Juventus
94.8%
15Manchester United
93.9%
10Atlético Madrid
92.3%
20Arsenal
91.9%
9Dortmund
91.2%
12Ajax
90.3%
13Tottenham
90.3%
18Inter Milan
89.1%
34AC Milan
88.7%
16Napoli
82.8%
22Sevilla
80.8%
35Roma
80.5%
11RB Salzburg
79.4%
28Valencia
79.4%
30PSV
79.4%
23Everton
78.7%
21Porto
77.4%
19Leicester
76.5%
14RB Leipzig
74.7%
45Lyon
73.1%
36Schalke 04
72.9%
27Zenit
72.6%
39Lazio
72.6%
25Benfica
70.8%
51West Ham
69%
17Leverkusen
68.8%
73Marseille
66.7%
Rank Club % Correct
40Gladbach
65.8%
42Wolves
65.2%
52CSKA Moscow
63.8%
44Basel
62.9%
76Newcastle
62.9%
41Wolfsburg
60.4%
26Athletic Bilbao
60.2%
86Monaco
59.7%
62Real Betis
59.3%
24Real Sociedad
57.9%
46Southampton
57.9%
93Aston Villa
57.5%
90Sporting
56.8%
53Lille
56.6%
100Boca Juniors
54.5%
31Getafe
53.4%
32Villarreal
53.2%
56Fiorentina
52.9%
65River Plate
52.9%
29Olympiacos
52.5%
37Eintracht
52.5%
50Atalanta
52.3%
48Crystal Palace
51.6%
75Watford
50.2%
57Young Boys
50%
66Leeds United
48.6%
72Lokomotiv
48.4%
43Hoffenheim
45.7%
70Celta Vigo
45.7%
82Galatasaray
45.5%
77Brighton
45.2%
78Espanyol
45%
97Norwich
44.6%
55Burnley
44.3%
Rank Club % Correct
60Werder Bremen
43.9%
74Fulham
43%
68Hertha BSC
42.8%
38Flamengo
42.3%
63Bournemouth
42.3%
71Celtic
41.6%
69PAOK
41%
79Sheffield United
38%
99Copenhagen
38%
67Dinamo Zagreb
37.8%
84Levante
36.4%
85Rangers
36%
95Nantes
35.7%
88Mainz
32.6%
33Eibar
29.9%
83Alavés
29.2%
54Shakhtar
28.1%
58Osasuna
27.1%
59Granada
26.9%
94SC Freiburg
26.7%
49Krasnodar
25.3%
89Montpellier
24.7%
96Grêmio
24.4%
47Club Brugge
23.8%
92Bologna
23.8%
91Valladolid
23.1%
61Palmeiras
21.5%
80Dynamo Kiev
21.3%
64Leganés
21%
98LASK Linz
14.7%
87Angers
11.5%
81Ludogorets
10.4%
Remove Ads.
Support Sporcle.
Get the best of Sporcle when you Go Orange. This ad-free experience offers more features, more stats, and more fun while also helping to support Sporcle. Thank you for becoming a member.

You're not logged in!

Compare scores with friends on all Sporcle quizzes.
OR
Log In

Show Comments

Extras

Top Quizzes Today


Score Distribution

Your Account Isn't Verified!

In order to create a playlist on Sporcle, you need to verify the email address you used during registration. Go to your Sporcle Settings to finish the process.

Report this User

Report this user for behavior that violates our Community Guidelines.

Details: